=LDR 00000nam 2200000 4500 =001 INLIS000000000048149 =005 20160610163258.0 =006 =007 =008 =035 ##$$0010-061600000000005 =082 ##$$a 425.emi =090 ##$$a 425. =100 ##$$a emilda rina =245 ##$$a dasar-dasar membaca bahasa inggris =250 ##$$a cet.kedua =260 ##$$b cv.citra pelajar $c 2000 =300 ##$$a 128 hlm $c 21 cm =850 ##$$a nbpnmat =990 ##$$a 0001/BPAP-NTB/2016